Music Quiz

Random Music or Bands Quiz

Lead Singers II Quiz Stats

 Plays Quiz Updated Sep 18, 2021

     
Support Sporcle.
Go Orange.
Score 0/24 Timer 07:00
2 Plays Today
Band Lead Singer % Correct
Black SabbathOzzy Osbourne
79.3%
Foo FightersDave Grohl
67.6%
Van HalenDavid Lee Roth
63.6%
Limp BizkitFred Durst
63.5%
Green DayBillie Joe Armstrong
57.3%
Sex PistolsJohnny Rotten
52.8%
Matchbox 20Rob Thomas
52.5%
Red Hot Chili PeppersAnthony Kiedis
51%
The EaglesDon Henley
49.3%
AC/DCBrian Johnson
48.5%
JourneySteve Perry
46.6%
The CureRobert Smith
44.7%
Band Lead Singer % Correct
Creedence Clearwater RevivalJohn Fogerty
42.7%
Duran DuranSimon Le Bon
41.6%
RadioheadThom Yorke
40.4%
KISSPaul Stanley
39.2%
Hootie & the BlowfishDarius Rucker
36.3%
NickelbackChad Kroeger
35.9%
WhitesnakeDavid Coverdale
25.6%
Fall Out BoyPatrick Stump
19.9%
Def LeppardJoe Elliott
17.2%
Goo Goo DollsJohn Rzeznik
16.5%
Depeche ModeDavid Gahan
11.3%
ForeignerLou Gramm
11%

From the Vault

Note-worthy Words

by sproutcm

Go ahead, sing this quiz out loud, we won't stop you.
Remove Ads.
Support Sporcle.
Get the best of Sporcle when you Go Orange. This ad-free experience offers more features, more stats, and more fun while also helping to support Sporcle. Thank you for becoming a member.

Show Comments

Extras

Top Quizzes Today


Score Distribution

Your Account Isn't Verified!

In order to create a playlist on Sporcle, you need to verify the email address you used during registration. Go to your Sporcle Settings to finish the process.

Report this User

Report this user for behavior that violates our Community Guidelines.

Details: